Top 5 Biggest Cities in Bangladesh by Population - Statistics

General Stats
  • This quiz has been taken 7 times
  • The average score is 3 of 5
Answer Stats
Population City % Correct
5.8m Chittagong
100%
25.4m Dhaka
100%
1.0m Rajshahi
57%
1.1m Sylhet
57%
1.0m Bogura
14%
No matching quizzes found
Score Distribution
Percent of People with Each Score
Percentile by Number Answered
Your Score History
You have not taken this quiz